Normal view MARC view
  • ROZOVSKY, FAY A. AND ADAMS , RODNEY K . ADAMS

Entry Personal Name

Number of records used in: 1

001 - CONTROL NUMBER

  • control field: 7838

003 - CONTROL NUMBER IDENTIFIER

  • control field: JRU

005 - DATE AND TIME OF LATEST TRANSACTION

  • control field: 20230509123706.0

008 - FIXED-LENGTH DATA ELEMENTS

  • fixed length control field: 230509|| aca||aabn | a|a d

040 ## - CATALOGING SOURCE

  • Original cataloging agency: JRU
  • Transcribing agency: JRU

100 ## - HEADING--PERSONAL NAME

  • Personal name: ROZOVSKY, FAY A. AND ADAMS , RODNEY K . ADAMS

670 ## - SOURCE DATA FOUND

  • Source citation: Work cat.: (JRU)8302: ROZOVSKY, FAY A. AND ADAMS , RODNEY K . ADAMS, CLINICAL TRIALS AND HUMAN RESEARCH